La filosofía jurídica de Felipe Clemente de Diego y Gutiérrez (Record no. 136005)

MARC details
000 -LEADER
campo de control de longitud fija 00865nam a2200217 4500
001 - NÚMERO DE CONTROL
campo de control 136005
003 - IDENTIFICADOR DE NÚMERO DE CONTROL
campo de control ES-MaACL
005 - FECHA Y HORA DE LA ÚLTIMA TRANSACCIÓN
campo de control 20230906195019.0
007 - CAMPO FIJO DE DESCRIPCIÓN FÍSICA--INFORMACIÓN GENERAL
campo de control de longitud fija t|
008 - DATOS DE LONGITUD FIJA--INFORMACIÓN GENERAL
campo de control de longitud fija 070214s1970 sp r ||||1| spa d
100 1# - ENTRADA PRINCIPAL--NOMBRE DE PERSONA
Nombre de persona Rovira Flórez de Quiñones, María Carolina.
9 (RLIN) 100146
245 13 - MENCIÓN DEL TÍTULO
Título La filosofía jurídica de Felipe Clemente de Diego y Gutiérrez
Resto del título : (1866-1945) /
Mención de responsabilidad, etc. María Carolina Rovira Flórez de Quiñones.
260 ## - PUBLICACIÓN, DISTRIBUCIÓN, ETC.
Lugar de publicación, distribución, etc. Santiago de Compostela :
Nombre del editor, distribuidor, etc. Porto y Cia.,
Fecha de publicación, distribución, etc. 1970.
300 ## - DESCRIPCIÓN FÍSICA
Extensión 211 p. ;
Dimensiones 19 cm.
490 1# - MENCIÓN DE SERIE
Mención de serie Biblioteca hispánica de Filosofía del Derecho ;
Designación de volumen o secuencia 5
500 ## - NOTA GENERAL
Nota general Precede al Tit : Universidad de Santiago de Compostela.
710 2# - ENTRADA AGREGADA--NOMBRE DE ENTIDAD CORPORATIVA
Nombre de entidad corporativa o nombre de jurisdicción como elemento de entrada Universidad de Santiago de Compostela.
9 (RLIN) 7294
830 0# - PUNTO DE ACCESO ADICIONAL DE SERIE-TÍTULO UNIFORME
Título uniforme Biblioteca hispánica de Filosofía del Derecho ;
Designación de volumen o secuencia 5
9 (RLIN) 183210
852 ## - LOCALIZACIÓN
Ubicación ES-MaACL
Número de control de estantería C-40185
Sublocalización o colección R.73648
Holdings
Estatus retirado Estado de pérdida Estado de daño No para préstamo Biblioteca de origen Biblioteca actual Ubicación en estantería Fecha de adquisición Fuente de adquisición Total de préstamos Signatura topográfica completa Código de barras Visto por última vez Precio de reemplazo Tipo de ítem Koha
        Biblioteca del Ateneo de Madrid Biblioteca del Ateneo de Madrid Depósito 2 17/01/2008     C-40185 1141552 23/02/2023 23/02/2023 Libro impreso